| 000 | 00579nam a2200169Ia 4500 | ||
|---|---|---|---|
| 008 | 090201s9999 xx 000 0 und d | ||
| 010 | _aKPL-45572 | ||
| 040 | _bमराठी | ||
| 041 | _aमराठी | ||
| 082 |
_a9968 _b45572 |
||
| 100 | _aप्र. गो. गोसावी | ||
| 245 |
_aकागद व मुद्रण _cप्र. गो. गोसावी |
||
| 260 |
_c2004 _bदि पुजा प्रेस ओनर्स असोसिएशन |
||
| 300 |
_a414 _bमोठा |
||
| 600 | _aकागद व मुद्रण | ||
| 942 | _cBOOK | ||
| 999 |
_c210444 _d210444 |
||